Ball Knowledge Quiz #1 - Statistics

General Stats
  • This quiz has been taken 114 times
  • The average score is 6 of 15
Answer Stats
Hint Answer % Correct
Nicknamed CJ2K, he was at one point the fastest players in the league Chris Johnson
79%
Wide Receiver who played at Texas A&M from 2011-2013 Mike Evans
77%
This Quarterback led the league in both TD's and INT's (30/30) Jameis Winston
73%
Wide Receiver nicknamed NFL Youngboy George Pickens
71%
3rd Manning Brother that never made it to the NFL Cooper Manning
60%
In terms of relevance, he's the 3rd Watt Brother Derrick Watt
51%
Not Shannon but ______ Sharpe Sterling Sharpe
49%
Former Heisman winning Quarterback who started for the Titans from 2006-2010 Vince Young
40%
This Running Back is 3rd all- time in rushing yards and has the most games played in NFL history Frank Gore
31%
This Texas Tech Wide Receiver played with Tom Brady while being under 6ft tall Danny Amendola
30%
Walk-On USC Linebacker who is apart of a famous NFL Family Clay Matthews
29%
Marshall Quarterback who threw 22 touchdowns for the Jets in 2002 Chad Pennington
26%
Top 10 Drafted Pick from Washington threw for over 2,000 yards for the Titans in 2012 Jake Locker
20%
LSU Wide Receiver who played for the Panthers, Benglas, Patriots, and Raiders Brandon Lafell
5%
Oregon State Quarterback drafted in 2005 who played from the Browns, Panthers, Cardinals, and Bills Derek Anderson
4%
No matching quizzes found
Score Distribution
Percent of People with Each Score
Percentile by Number Answered
Your Score History
You have not taken this quiz